[Event "Deutsche Ländermeisterschaft 2023"]
[Site "Hannover GER"]
[Date "2023.10.01"]
[Round "1"]
[White "Schröder, Hannes Artur"]
[Black "Kateryniuk, Ivan"]
[Result "1/2-1/2"]
[Termination "normal"]
[Board "7.7"]
[WhiteElo "1261"]
[BlackElo "1561"]
[WhiteClock "00:23:29"]
[BlackClock "00:00:50"]
[WhiteTeam "Mecklenburg-Vorpommern"]
[BlackTeam "Baden"]
[PlyCount "87"]
[WhiteFideId "34608818"]
[BlackFideId "34138943"]
[EventCountry "GER"]
[EventRounds "7"]
[EventType "team-swiss"]
[EventDate "2023.09.30"]

1. e4 {[%clk 01:30:58]} {[%emt 00:00:02]} e5 {[%clk 01:30:46]} {[%emt
00:00:14]} 2. Nf3 {[%clk 01:31:15]} {[%emt 00:00:14]} Nf6 {[%clk 01:31:10]}
{[%emt 00:00:05]} 3. Nc3 {[%clk 01:31:37]} {[%emt 00:00:08]} Bb4 {[%clk
01:30:52]} {[%emt 00:00:48]} 4. Bc4 {[%clk 01:30:28]} {[%emt 00:01:40]} Nc6
{[%clk 01:27:47]} {[%emt 00:03:34]} 5. d3 {[%clk 01:29:34]} {[%emt 00:01:25]}
h6 {[%clk 01:27:15]} {[%emt 00:01:01]} 6. O-O {[%clk 01:29:27]} {[%emt
00:00:38]} d6 {[%clk 01:27:04]} {[%emt 00:00:41]} 7. h3 {[%clk 01:29:44]}
{[%emt 00:00:14]} Be6 {[%clk 01:26:09]} {[%emt 00:01:24]} 8. Bxe6 {[%clk
01:28:52]} {[%emt 00:01:22]} fxe6 {[%clk 01:26:34]} {[%emt 00:00:05]} 9. Bd2
{[%clk 01:28:52]} {[%emt 00:00:30]} Qe7 {[%clk 01:23:23]} {[%emt 00:03:41]} 10.
a3 {[%clk 01:28:28]} {[%emt 00:00:54]} Bc5 {[%clk 01:22:51]} {[%emt 00:01:02]}
11. Re1 {[%clk 01:28:00]} {[%emt 00:00:57]} g5 {[%clk 01:22:06]} {[%emt
00:01:15]} 12. Na4 {[%clk 01:21:53]} {[%emt 00:06:37]} Bb6 {[%clk 01:16:50]}
{[%emt 00:05:46]} 13. Nxb6 {[%clk 01:20:52]} {[%emt 00:01:32]} axb6 {[%clk
01:17:07]} {[%emt 00:00:13]} 14. Nh2 {[%clk 01:20:00]} {[%emt 00:01:22]} O-O-O
{[%clk 01:13:51]} {[%emt 00:03:46]} 15. b4 {[%clk 01:17:03]} {[%emt 00:03:27]}
Rdg8 {[%clk 01:13:19]} {[%emt 00:01:02]} 16. g3 {[%clk 01:14:46]} {[%emt
00:02:48]} Qf7 {[%clk 01:07:49]} {[%emt 00:05:59]} 17. c3 {[%clk 01:12:24]}
{[%emt 00:02:52]} Qg6 {[%clk 01:06:12]} {[%emt 00:02:07]} 18. b5 {[%clk
01:08:17]} {[%emt 00:04:37]} Nb8 {[%clk 01:04:38]} {[%emt 00:02:04]} 19. c4
{[%clk 01:07:26]} {[%emt 00:01:22]} Nh5 {[%clk 01:02:25]} {[%emt 00:02:43]} 20.
a4 {[%clk 01:00:10]} {[%emt 00:07:46]} Nf4 {[%clk 01:01:50]} {[%emt 00:01:05]}
21. gxf4 {[%clk 01:00:19]} {[%emt 00:00:21]} gxf4+ {[%clk 01:02:12]} {[%emt
00:00:08]} 22. Qg4 {[%clk 01:00:35]} {[%emt 00:00:13]} Qf7 {[%clk 01:02:29]}
{[%emt 00:00:10]} 23. Kf1 {[%clk 00:58:29]} {[%emt 00:02:40]} Rxg4 {[%clk
01:02:45]} {[%emt 00:00:14]} 24. hxg4 {[%clk 00:58:29]} {[%emt 00:00:30]} h5
{[%clk 01:02:30]} {[%emt 00:00:46]} 25. Ke2 {[%clk 00:51:55]} {[%emt 00:07:03]}
hxg4 {[%clk 01:01:38]} {[%emt 00:01:22]} 26. Nxg4 {[%clk 00:52:13]} {[%emt
00:00:12]} f3+ {[%clk 01:01:59]} {[%emt 00:00:07]} 27. Kd1 {[%clk 00:52:19]}
{[%emt 00:00:24]} Qh5 {[%clk 01:00:00]} {[%emt 00:02:29]} 28. Ne3 {[%clk
00:51:16]} {[%emt 00:01:34]} Nd7 {[%clk 00:47:03]} {[%emt 00:13:27]} 29. Bb4
{[%clk 00:50:27]} {[%emt 00:01:18]} Nf6 {[%clk 00:44:53]} {[%emt 00:02:40]} 30.
Bd2 {[%clk 00:47:41]} {[%emt 00:03:17]} Qh4 {[%clk 00:40:04]} {[%emt 00:05:20]}
31. Rf1 {[%clk 00:43:57]} {[%emt 00:04:13]} Nh5 {[%clk 00:35:39]} {[%emt
00:04:55]} 32. Kc2 {[%clk 00:39:10]} {[%emt 00:05:15]} Nf4 {[%clk 00:35:31]}
{[%emt 00:00:40]} 33. Nd1 {[%clk 00:37:13]} {[%emt 00:02:24]} Ne2 {[%clk
00:22:34]} {[%emt 00:13:29]} 34. Be3 {[%clk 00:35:24]} {[%emt 00:02:19]} Nd4+
{[%clk 00:21:39]} {[%emt 00:01:25]} 35. Bxd4 {[%clk 00:33:48]} {[%emt
00:02:07]} exd4 {[%clk 00:22:03]} {[%emt 00:00:06]} 36. a5 {[%clk 00:34:08]}
{[%emt 00:00:09]} bxa5 {[%clk 00:20:45]} {[%emt 00:01:48]} 37. Rxa5 {[%clk
00:34:21]} {[%emt 00:00:16]} b6 {[%clk 00:20:59]} {[%emt 00:00:16]} 38. Ra2
{[%clk 00:33:16]} {[%emt 00:01:32]} Kd7 {[%clk 00:21:05]} {[%emt 00:00:28]} 39.
Rg1 {[%clk 00:32:11]} {[%emt 00:01:30]} Rh7 {[%clk 00:20:17]} {[%emt 00:01:22]}
40. Ra7 {[%clk 00:28:52]} {[%emt 00:03:14]} Qh2 {[%clk 00:16:45]} {[%emt
00:04:37]} 41. Rg8 {[%clk 00:27:24]} {[%emt 00:02:00]} Qg2 {[%clk 00:12:06]}
{[%emt 00:05:09]} 42. Raa8 {[%clk 00:25:41]} {[%emt 00:02:14]} Qf1 {[%clk
00:11:21]} {[%emt 00:01:13]} 43. Rge8 {[%clk 00:23:28]} {[%emt 00:02:45]} Qe2+
{[%clk 00:00:50]} {[%emt 00:11:02]} 44. Kc1 {[%clk 00:23:29]} {[%emt 00:00:27]}
1/2-1/2

[Event "Deutsche Ländermeisterschaft 2023"]
[Site "Hannover GER"]
[Date "2023.10.01"]
[Round "1"]
[White "Rafikova, Ailin"]
[Black "Briese, Sophie"]
[Result "1-0"]
[Termination "normal"]
[Board "7.8"]
[WhiteElo "1359"]
[BlackElo "1240"]
[WhiteClock "00:19:05"]
[BlackClock "01:12:34"]
[WhiteTeam "Baden"]
[BlackTeam "Mecklenburg-Vorpommern"]
[PlyCount "119"]
[WhiteFideId "34612173"]
[BlackFideId "34660305"]
[EventCountry "GER"]
[EventRounds "7"]
[EventType "team-swiss"]
[EventDate "2023.09.30"]

1. e4 {[%clk 01:30:53]} {[%emt 00:00:06]} c5 {[%clk 01:30:48]} {[%emt
00:00:14]} 2. Nc3 {[%clk 01:30:48]} {[%emt 00:00:34]} e6 {[%clk 01:30:45]}
{[%emt 00:00:32]} 3. g3 {[%clk 01:30:44]} {[%emt 00:00:34]} d5 {[%clk
01:30:32]} {[%emt 00:00:43]} 4. exd5 {[%clk 01:18:04]} {[%emt 00:13:10]} exd5
{[%clk 01:29:50]} {[%emt 00:01:11]} 5. d4 {[%clk 01:11:41]} {[%emt 00:06:54]}
Be6 {[%clk 01:27:38]} {[%emt 00:02:42]} 6. Be3 {[%clk 01:06:52]} {[%emt
00:05:19]} b6 {[%clk 01:25:00]} {[%emt 00:03:08]} 7. Bg2 {[%clk 01:02:06]}
{[%emt 00:05:16]} Nc6 {[%clk 01:22:44]} {[%emt 00:02:44]} 8. dxc5 {[%clk
00:57:33]} {[%emt 00:05:06]} bxc5 {[%clk 01:19:53]} {[%emt 00:03:21]} 9. Nxd5
{[%clk 00:52:26]} {[%emt 00:05:36]} Rc8 {[%clk 01:15:15]} {[%emt 00:05:08]} 10.
Ne2 {[%clk 00:49:33]} {[%emt 00:03:23]} Bxd5 {[%clk 01:14:17]} {[%emt
00:01:29]} 11. Qxd5 {[%clk 00:44:35]} {[%emt 00:05:28]} Qxd5 {[%clk 01:12:41]}
{[%emt 00:02:06]} 12. Bxd5 {[%clk 00:44:39]} {[%emt 00:00:26]} Nf6 {[%clk
01:10:32]} {[%emt 00:02:40]} 13. Bb3 {[%clk 00:41:28]} {[%emt 00:03:40]} Be7
{[%clk 01:07:30]} {[%emt 00:03:33]} 14. O-O {[%clk 00:39:52]} {[%emt 00:02:06]}
O-O {[%clk 01:07:13]} {[%emt 00:00:47]} 15. Rfd1 {[%clk 00:38:23]} {[%emt
00:01:59]} Ne5 {[%clk 01:04:27]} {[%emt 00:03:16]} 16. a3 {[%clk 00:34:32]}
{[%emt 00:04:21]} Nf3+ {[%clk 01:04:01]} {[%emt 00:00:56]} 17. Kg2 {[%clk
00:34:07]} {[%emt 00:00:55]} Ne5 {[%clk 01:03:17]} {[%emt 00:01:14]} 18. Nc3
{[%clk 00:32:07]} {[%emt 00:02:30]} Neg4 {[%clk 01:01:32]} {[%emt 00:02:16]}
19. Bf4 {[%clk 00:31:08]} {[%emt 00:01:28]} c4 {[%clk 01:00:26]} {[%emt
00:01:37]} 20. Ba2 {[%clk 00:29:51]} {[%emt 00:01:46]} Bc5 {[%clk 01:00:21]}
{[%emt 00:00:36]} 21. Rd2 {[%clk 00:27:28]} {[%emt 00:02:52]} Bb6 {[%clk
00:58:55]} {[%emt 00:01:56]} 22. h3 {[%clk 00:26:34]} {[%emt 00:01:24]} Nxf2
{[%clk 00:57:00]} {[%emt 00:02:25]} 23. Rxf2 {[%clk 00:26:31]} {[%emt
00:00:33]} Bxf2 {[%clk 00:57:18]} {[%emt 00:00:12]} 24. Kxf2 {[%clk 00:26:14]}
{[%emt 00:00:46]} Rfe8 {[%clk 00:57:08]} {[%emt 00:00:40]} 25. Rd1 {[%clk
00:20:25]} {[%emt 00:06:20]} Ne4+ {[%clk 00:57:04]} {[%emt 00:00:34]} 26. Kf3
{[%clk 00:19:31]} {[%emt 00:01:24]} Nxc3 {[%clk 00:56:48]} {[%emt 00:00:47]}
27. bxc3 {[%clk 00:19:55]} {[%emt 00:00:06]} Rc6 {[%clk 00:54:38]} {[%emt
00:02:39]} 28. Rd7 {[%clk 00:16:55]} {[%emt 00:03:30]} a6 {[%clk 00:54:26]}
{[%emt 00:00:42]} 29. Be5 {[%clk 00:10:00]} {[%emt 00:07:25]} h6 {[%clk
00:54:00]} {[%emt 00:00:56]} 30. Bd4 {[%clk 00:09:22]} {[%emt 00:01:09]} Rb8
{[%clk 00:52:59]} {[%emt 00:01:29]} 31. Ra7 {[%clk 00:03:43]} {[%emt 00:06:10]}
Rb2 {[%clk 00:52:49]} {[%emt 00:00:39]} 32. Bxc4 {[%clk 00:03:18]} {[%emt
00:00:56]} Rxc4 {[%clk 00:52:48]} {[%emt 00:00:32]} 33. Rxa6 {[%clk 00:03:32]}
{[%emt 00:00:16]} Rc8 {[%clk 00:52:10]} {[%emt 00:01:07]} 34. Ke3 {[%clk
00:02:59]} {[%emt 00:01:02]} Rxc2 {[%clk 00:51:52]} {[%emt 00:00:49]} 35. h4
{[%clk 00:02:50]} {[%emt 00:00:40]} Re8+ {[%clk 00:51:56]} {[%emt 00:00:26]}
36. Kd3 {[%clk 00:02:43]} {[%emt 00:00:37]} Rg2 {[%clk 00:50:35]} {[%emt
00:01:51]} 37. a4 {[%clk 00:02:03]} {[%emt 00:01:10]} Rxg3+ {[%clk 00:50:47]}
{[%emt 00:00:19]} 38. Kc4 {[%clk 00:01:46]} {[%emt 00:00:47]} Rc8+ {[%clk
00:50:32]} {[%emt 00:00:45]} 39. Kb5 {[%clk 00:01:19]} {[%emt 00:00:56]} Rg6
{[%clk 00:49:30]} {[%emt 00:01:33]} 40. a5 {[%clk 00:00:54]} {[%emt 00:00:55]}
Rb8+ {[%clk 00:48:59]} {[%emt 00:01:01]} 41. Rb6 {[%clk 00:01:11]} {[%emt
00:00:14]} Rgxb6+ {[%clk 00:48:40]} {[%emt 00:00:48]} 42. axb6 {[%clk
00:26:01]} {[%emt 00:05:40]} Kf8 {[%clk 01:16:22]} {[%emt 00:02:48]} 43. Be5
{[%clk 00:23:37]} {[%emt 00:02:54]} Re8 {[%clk 01:15:40]} {[%emt 00:01:10]} 44.
Bd6+ {[%clk 00:22:45]} {[%emt 00:01:22]} Kg8 {[%clk 01:15:44]} {[%emt
00:00:28]} 45. b7 {[%clk 00:22:11]} {[%emt 00:01:03]} f5 {[%clk 01:15:28]}
{[%emt 00:00:46]} 46. b8=Q {[%clk 00:21:32]} {[%emt 00:01:11]} Rxb8+ {[%clk
01:15:44]} {[%emt 00:00:13]} 47. Bxb8 {[%clk 00:21:50]} {[%emt 00:00:13]} g5
{[%clk 01:15:38]} {[%emt 00:00:36]} 48. hxg5 {[%clk 00:21:00]} {[%emt
00:01:19]} hxg5 {[%clk 01:15:44]} {[%emt 00:00:23]} 49. c4 {[%clk 00:20:05]}
{[%emt 00:01:25]} f4 {[%clk 01:15:56]} {[%emt 00:00:19]} 50. c5 {[%clk
00:19:47]} {[%emt 00:00:47]} f3 {[%clk 01:15:55]} {[%emt 00:00:32]} 51. Bg3
{[%clk 00:19:50]} {[%emt 00:00:25]} Kf8 {[%clk 01:14:35]} {[%emt 00:01:51]} 52.
c6 {[%clk 00:20:04]} {[%emt 00:00:15]} Ke8 {[%clk 01:14:45]} {[%emt 00:00:21]}
53. Kb6 {[%clk 00:19:20]} {[%emt 00:01:12]} Kd8 {[%clk 01:13:39]} {[%emt
00:01:38]} 54. Kb7 {[%clk 00:19:17]} {[%emt 00:00:33]} Ke7 {[%clk 01:12:55]}
{[%emt 00:01:15]} 55. c7 {[%clk 00:19:27]} {[%emt 00:00:19]} Ke6 {[%clk
01:13:08]} {[%emt 00:00:18]} 56. c8=Q+ {[%clk 00:19:30]} {[%emt 00:00:28]} Kf6
{[%clk 01:13:15]} {[%emt 00:00:21]} 57. Qf8+ {[%clk 00:19:37]} {[%emt
00:00:23]} Kg6 {[%clk 01:13:32]} {[%emt 00:00:14]} 58. Qxf3 {[%clk 00:19:48]}
{[%emt 00:00:18]} Kh6 {[%clk 01:13:14]} {[%emt 00:00:47]} 59. Bf4 {[%clk
00:18:41]} {[%emt 00:01:38]} gxf4 {[%clk 01:12:34]} {[%emt 00:01:08]} 60. Qxf4+
{[%clk 00:19:05]} {[%emt 00:00:09]} 1-0

[Event "Deutsche Ländermeisterschaft 2023"]
[Site "Hannover GER"]
[Date "2023.10.01"]
[Round "2"]
[White "Besou, Hussain"]
[Black "Farokhi, Keyvan"]
[Result "1/2-1/2"]
[Termination "normal"]
[Board "1.1"]
[WhiteTitle "FM"]
[BlackTitle "FM"]
[WhiteElo "2353"]
[BlackElo "2266"]
[WhiteClock "00:16:12"]
[BlackClock "00:09:40"]
[WhiteTeam "Nordrhein-Westfalen"]
[BlackTeam "Schleswig-Holstein"]
[PlyCount "71"]
[WhiteFideId "16269950"]
[BlackFideId "12998630"]
[EventCountry "GER"]
[EventRounds "7"]
[EventType "team-swiss"]
[EventDate "2023.09.30"]

1. d4 {[%clk 01:30:59]} Nf6 {[%clk 01:30:53]} {[%emt 00:00:07]} 2. c4 {[%clk
01:31:25]} {[%emt 00:00:05]} e6 {[%clk 01:31:18]} {[%emt 00:00:04]} 3. Nc3
{[%clk 01:30:19]} {[%emt 00:01:35]} Bb4 {[%clk 01:31:41]} {[%emt 00:00:07]} 4.
e3 {[%clk 01:30:45]} {[%emt 00:00:04]} b6 {[%clk 01:30:49]} {[%emt 00:01:21]}
5. Nf3 {[%clk 01:30:02]} {[%emt 00:01:15]} Bb7 {[%clk 01:29:16]} {[%emt
00:02:02]} 6. Bd2 {[%clk 01:29:46]} {[%emt 00:00:47]} Bxc3 {[%clk 01:26:42]}
{[%emt 00:03:02]} 7. Bxc3 {[%clk 01:29:57]} {[%emt 00:00:20]} Ne4 {[%clk
01:26:58]} {[%emt 00:00:14]} 8. Qc2 {[%clk 01:29:46]} {[%emt 00:00:42]} d6
{[%clk 01:24:28]} {[%emt 00:02:58]} 9. Bd3 {[%clk 01:28:30]} {[%emt 00:01:46]}
Nxc3 {[%clk 01:24:29]} {[%emt 00:00:29]} 10. Qxc3 {[%clk 01:28:47]} {[%emt
00:00:14]} Nd7 {[%clk 01:22:23]} {[%emt 00:02:34]} 11. O-O-O {[%clk 01:24:22]}
{[%emt 00:04:56]} Qf6 {[%clk 01:17:51]} {[%emt 00:05:01]} 12. Qc2 {[%clk
01:21:04]} {[%emt 00:03:49]} O-O-O {[%clk 00:55:28]} {[%emt 00:22:53]} 13. Kb1
{[%clk 01:15:13]} {[%emt 00:06:21]} Kb8 {[%clk 00:52:08]} {[%emt 00:03:50]} 14.
h4 {[%clk 01:08:14]} {[%emt 00:07:30]} e5 {[%clk 00:46:10]} {[%emt 00:06:27]}
15. Be4 {[%clk 01:02:31]} {[%emt 00:06:15]} Bxe4 {[%clk 00:41:12]} {[%emt
00:05:27]} 16. Qxe4 {[%clk 01:02:53]} {[%emt 00:00:08]} Qg6 {[%clk 00:41:37]}
{[%emt 00:00:04]} 17. Qxg6 {[%clk 01:00:39]} {[%emt 00:02:44]} hxg6 {[%clk
00:41:58]} {[%emt 00:00:10]} 18. Ng5 {[%clk 00:57:10]} {[%emt 00:04:00]} Rdf8
{[%clk 00:41:31]} {[%emt 00:00:55]} 19. Kc2 {[%clk 00:51:12]} {[%emt 00:06:30]}
f6 {[%clk 00:37:26]} {[%emt 00:04:34]} 20. Ne4 {[%clk 00:49:27]} {[%emt
00:02:15]} Kc8 {[%clk 00:34:36]} {[%emt 00:03:19]} 21. d5 {[%clk 00:46:13]}
{[%emt 00:03:44]} Nc5 {[%clk 00:28:12]} {[%emt 00:06:54]} 22. Ng3 {[%clk
00:41:20]} {[%emt 00:05:25]} f5 {[%clk 00:28:18]} {[%emt 00:00:23]} 23. Ne2
{[%clk 00:35:09]} {[%emt 00:06:41]} Rh5 {[%clk 00:26:16]} {[%emt 00:02:32]} 24.
Rh2 {[%clk 00:26:49]} {[%emt 00:08:51]} Ne4 {[%clk 00:18:03]} {[%emt 00:08:43]}
25. f3 {[%clk 00:26:44]} {[%emt 00:00:34]} Nf6 {[%clk 00:18:27]} {[%emt
00:00:06]} 26. Rdh1 {[%clk 00:26:05]} {[%emt 00:01:10]} Rfh8 {[%clk 00:18:26]}
{[%emt 00:00:30]} 27. Rh3 {[%clk 00:25:46]} {[%emt 00:00:49]} Kd7 {[%clk
00:18:10]} {[%emt 00:00:46]} 28. Ng3 {[%clk 00:21:15]} {[%emt 00:05:01]} R5h7
{[%clk 00:17:50]} {[%emt 00:00:49]} 29. e4 {[%clk 00:20:54]} {[%emt 00:00:52]}
fxe4 {[%clk 00:11:18]} {[%emt 00:07:03]} 30. Nxe4 {[%clk 00:20:59]} {[%emt
00:00:24]} Nxe4 {[%clk 00:11:47]} {[%emt 00:00:01]} 31. fxe4 {[%clk 00:21:22]}
{[%emt 00:00:08]} Rf8 {[%clk 00:12:09]} {[%emt 00:00:07]} 32. Rg3 {[%clk
00:20:57]} {[%emt 00:00:55]} Rf6 {[%clk 00:11:13]} {[%emt 00:01:25]} 33. Rg4
{[%clk 00:20:09]} {[%emt 00:01:19]} Ke7 {[%clk 00:10:43]} {[%emt 00:00:59]} 34.
Rh3 {[%clk 00:19:32]} {[%emt 00:01:08]} Rf2+ {[%clk 00:09:52]} {[%emt
00:01:20]} 35. Kc3 {[%clk 00:19:16]} {[%emt 00:00:47]} Kf7 {[%clk 00:09:40]}
{[%emt 00:00:42]} 36. Rhg3 {[%clk 00:16:12]} {[%emt 00:03:34]} 1/2-1/2